[Event "CRO-ch U19"]
[Site "Split"]
[Date "2024.07.22"]
[Round "1"]
[White "Spoljaric, Florijan"]
[Black "Mihaljevic, Eva"]
[Result "1-0"]
[WhiteElo "1769"]
[BlackElo "2053"]
[PlyCount "59"]
[EventDate "2024.07.22"]
[EventType "swiss"]
[EventRounds "9"]
[EventCountry "CRO"]
[SourceTitle "CBM 221 Extra"]
[Source "ChessBase"]
[SourceDate "2024.09.30"]
[SourceVersion "1"]
[SourceVersionDate "2024.09.30"]
[SourceQuality "1"]

1. e4 c5 2. d4 cxd4 3. Qxd4 Nc6 4. Qd2 d6 5. Nc3 g6 6. b3 Nf6 7. Bb2 Bg7 8. 0-0-0 0-0 9. f3 Qa5 10. Kb1 a6 11. g4 Be6 12. h4 Rac8 13. h5 Rfd8 14. Nd5 Qxd2 15. Rxd2 Bxd5 16. exd5 Ne5 17. c4 Ned7 18. hxg6 hxg6 19. Nh3 a5 20. g5 Nh5 21. Bxg7 Kxg7 22. Rg1 a4 23. f4 axb3 24. axb3 Ra8 25. Be2 Ra3 26. Rb2 Nc5 27. Bxh5 gxh5 28. Rg3 Ne4 29. Re3 Nd2+ 30. Rxd2 1-0